Microbiology for nurses (Record no. 8564)

MARC details
000 -LEADER
fixed length control field 00750nam a2200169 4500
020 ## - INTERNATIONAL STANDARD BOOK NUMBER
ISBN 978-81-7473-371-9
050 ## - CALL NUMBER
Classification number QR46 .P19
100 ## - AUTHOR
Personal name Panda, U. N.
245 ## - TITLE
Title Microbiology for nurses
Statement of responsibility, etc by A. G. Saraswati Amma and S. K. Kurian
250 ## - EDITION
Edition statement 4th ed.
260 ## - PUBLICATION INFORMATION
Place of publication New Delhi
Name of publisher AITBS Publishers,
Year of publication 2025
300 ## - DESCRIPTION
Number of Pages 239p.
Other physical details includes bibliographic reference
505 ## - FORMATTED CONTENTS NOTE
Table of Content Microorganisms,<br/>Bacterial classification and identification,<br/>Sterilisation and disinfection,<br/>Bacterial genetics and immunity<br/>Mycology<br/>Virology<br/>Protozoa<br/>Antibiotics and other chemotherapeutic agents<br/>Environmental microbiology<br/>General laboratory procedures<br/>Examination of speciments.
650 ## - SUBJECTS
Topical Term Medical microbiology.
942 ## - ADDED ENTRY ELEMENTS (KOHA)
Koha item type Books
Holdings
Withdrawn status Lost status Collection code Home library Current library Shelving location Date acquired Source of acquisition Full call number Accession Number Koha item type
    Reference Methodist University Library Main Methodist University Library Main General Stacks 01/04/2026 Purchase-Affordable Pages QR46 .P19 8734 Books
    Reference Methodist University Library Main Methodist University Library Main General Stacks 01/04/2026 Purchase-Affordable Pages QR46 .P19 8735 Books
Copyright © 2026  MUG Library